Advances in immunology Volume 138 /

Advances in Immunology, Volume 140, the latest in a long-established and highly respected publication, presents current developments and comprehensive reviews in immunology. Articles address the wide range of topics that comprise immunology.

Bibliographic Details
Corporate Author: ScienceDirect (Online service)
Other Authors: Alt, Frederick W. (Editor)
Format: eBook
Language:English
Published: Cambridge, MA : Academic Press, 2018.
Series:Advances in Immunology ; v. 138
Subjects:
Online Access:Connect to the full text of this electronic book

MARC

Tag First Indicator Second Indicator Subfields
LEADER 00000cam a2200000 i 4500
001 in00005763113
005 20260327153221.6
006 m o d
007 cr cnu---unuuu
008 180508s2018 maua ob 000 0 eng d
040 |a N$T  |b eng  |e rda  |e pn  |c N$T  |d UAB  |d YDX  |d UPM  |d D6H  |d OCLCF  |d OCLCQ  |d NLE  |d INT  |d OPELS  |d OCLCQ  |d UKMGB  |d ESU  |d OCLCQ  |d OCLCO  |d OCLCQ  |d AAA  |d OCLCO  |d OCLCL  |d SFB  |d OCLCL 
016 7 |a 018796365  |2 Uk 
019 |a 1035084061  |a 1035159633  |a 1035358775 
020 |a 9780128155295  |q (electronic bk.) 
020 |a 0128155299  |q (electronic bk.) 
020 |z 9780128151884 
035 |a (OCoLC)1035016036  |z (OCoLC)1035084061  |z (OCoLC)1035159633  |z (OCoLC)1035358775 
037 |a 9780128155295  |b Ingram Content Group 
050 4 |a QR181 
072 7 |a HEA  |x 039000  |2 bisacsh 
072 7 |a MED  |x 014000  |2 bisacsh 
072 7 |a MED  |x 022000  |2 bisacsh 
072 7 |a MED  |x 112000  |2 bisacsh 
072 7 |a MED  |x 045000  |2 bisacsh 
082 0 4 |a 616.07/9  |2 23 
049 |a TXAM 
245 0 0 |a Advances in immunology  |n Volume 138 /  |c [edited by] Frederick Alt. 
264 1 |a Cambridge, MA :  |b Academic Press,  |c 2018. 
300 |a 1 online resource :  |b illustrations 
336 |a text  |b txt  |2 rdacontent 
337 |a computer  |b c  |2 rdamedia 
338 |a online resource  |b cr  |2 rdacarrier 
490 0 |a Advances in Immunology ;  |v v. 138 
504 |a Includes bibliographical references. 
588 0 |a Online resource; title from PDF title page (EBSCO, viewed May 8, 2018). 
520 |a Advances in Immunology, Volume 140, the latest in a long-established and highly respected publication, presents current developments and comprehensive reviews in immunology. Articles address the wide range of topics that comprise immunology. 
505 8 |a 3.11.2. PGM3 -- 3.11.3. EXTL3 -- 3.12. Defects in Autophagy and Protein Turnover -- 3.12.1. EPG5 -- 3.12.2. TPPII -- 3.13. Defects in Metabolic Pathways -- 3.13.1. CTPS1 -- 3.13.2. AK2 -- 3.13.3. ADA -- 3.13.4. PNP -- 3.13.5. MTHFD1 -- 3.13.6. TFRC -- 3.14. Altered T Cell Effector Function in Complement Deficiencies -- 3.14.1. C3 -- 3.14.2. CD55 -- 3.15. Unknown Mechanism -- 3.15.1. SP110 -- 3.15.2. TTC7A -- 4. Current Challenges/Approaches and Future Considerations -- References -- Chapter Five: Molecular Aspects of Allergens and Allergy -- 1. Introduction -- 2. Allergen Molecules to Study Primary Allergic Sensitization -- 3. Allergen Molecules to Study Secondary Allergen-Specific IgE Responses -- 4. Dissection of the Mechanisms of Allergic Inflammation With Allergen Molecules and Epitopes -- 5. From Molecular Allergy Diagnosis to the Prediction of Allergy -- 6. Molecular Forms of AIT -- 7. Toward Allergen-Specific Forms of Prevention of Allergy -- 8. Concluding Remarks -- Acknowledgments -- Conflict of Interest -- References -- Further Reading -- Back Cover. 
650 0 |a Immunology. 
650 6 |a Immunologie. 
650 7 |a HEALTH & FITNESS  |x Diseases  |x General.  |2 bisacsh 
650 7 |a MEDICAL  |x Clinical Medicine.  |2 bisacsh 
650 7 |a MEDICAL  |x Diseases.  |2 bisacsh 
650 7 |a MEDICAL  |x Evidence-Based Medicine.  |2 bisacsh 
650 7 |a MEDICAL  |x Internal Medicine.  |2 bisacsh 
650 7 |a Immunology  |2 fast 
655 7 |a Electronic books.  |2 local 
700 1 |a Alt, Frederick W.,  |e editor. 
710 2 |a ScienceDirect (Online service) 
758 |i has work:  |a Advances in immunology Volume 138 (Text)  |1 https://id.oclc.org/worldcat/entity/E39PCFBwGwkqWqqCMgP4wJxybb  |4 https://id.oclc.org/worldcat/ontology/hasWork 
776 0 8 |i Print version:  |z 0128151862  |z 9780128151860  |w (OCoLC)1007058273 
856 4 0 |u http://proxy.library.tamu.edu/login?url=https://www.sciencedirect.com/science/bookseries/00652776/138  |z Connect to the full text of this electronic book  |t 0 
955 |a Elsevier ScienceDirect 2026-2027 
994 |a 92  |b TXA 
999 f f |i 8a9a01f2-0d84-4d0b-a58f-6189e34511c7  |s 7c267381-7ae5-41c7-8094-5d912f4aa739  |t 0 
952 f f |a Texas A&M University  |b College Station  |c Electronic Resources  |s www_evans  |d Available Online  |t 0  |e QR181   |h Library of Congress classification 
998 f f |a QR181   |t 0  |l Available Online